000 01557nam a2200385 4500
001 85852
003 SpMaBN
005 20260429152922.0
008 260429s1998 sp | ||| ||spa
016 7 _abimoBNE19993517073
_2SpMaBN
017 _aZ 2495-1998
_bOficina Depósito Legal Zaragoza
020 _a8483240440
035 _a(OCoLC)733437600
035 _a(SpMaBN)bimo0001101908
040 _aSpMaBN
_bspa
_cSpMaBN
_erdc
_dM-RABA
041 1 _aspa
_aita
080 _a75 Montañés, Bernardino (064.3)
080 _a913.77 Pompeya (0:75)(064.3)
100 1 _aMontañés, Bernardino
_925667
240 1 0 _aÁlbum de Pompeya de Bernardino Montañés, 1849
245 1 0 _aÁlbum de Pompeya de Bernardino Montañés, 1849
_bMuseo Archeologico Nazionale, Napoli, septiembre-diciembre, 1998 = Album di Pompei di Bernardino Montañés, 1849 : Museo Archeologico Nazionale, Napoli, settembre-dicembre, 1998
260 _a[Zaragoza]
_b: Ibercaja
_c, [1998]
300 _a72 p.
_c; 21 x 30 cm
546 _aTexto en italiano y en español.
594 _aTexto en español e italiano
651 7 _aPompeya (Ciudad desaparecida)
_975410
655 4 _aCatálogos de exposiciones
_945336
710 2 _aMuseo archeologico nazionale di Napoli
_972108
852 _jF-16121
942 _cFONDOMODER
_n0
956 _a2
980 _aZ 2495-1998
_a84-8324-044-0
_aSpMaBN
_bBNALCALA
_j10/119752
_cSG_PETANTI
980 _aZ 2495-1998
_a84-8324-044-0
_aSpMaBN
_bBNALCALA
_jAHM/399903
_cSG_PETANTI
980 _aZ 2495-1998
_aSpMaBN
_bBNALCALA
_jDL/907639
_cCONSERVACI
999 _c85852
_d85852